Depeche Mode Albums - Picture Quiz - Statistics

General Stats
  • This quiz has been taken 90 times
  • The average score is 12 of 15
Answer Stats
Picture Answer % Correct
Violator
100%
Black Celebration
93%
Music For the Masses
92%
Memento Mori
90%
Speak and Spell
85%
Songs of Faith and Devotion
83%
Ultra
83%
Construction Time Again
76%
Exciter
71%
Delta Machine
69%
Playing the Angel
68%
Sounds of the Universe
68%
Spirit
68%
A Broken Frame
64%
Some Great Reward
58%
No matching quizzes found
Score Distribution
Percent of People with Each Score
Percentile by Number Answered
Your Score History
You have not taken this quiz